000 00496cam a22001931 4500
001 ne 65000601
003 DLC
005 20260227111812.0
008 900614s1964 le 000 1 arar
010 _ane 65000601
035 _a(OCoLC)21846816
040 _aDLC
_cWaU
_dWaU
_dDLC
042 _apremarc
050 0 0 _aPJ7852.I3
_bA9
100 0 _aNidāʼ.
245 1 0 _aʻAynāya fidāk
_c[taʼlīf] Nidāʼ.
260 _aBayrūt,
_bDār al-Kitāb al-Jadīd
_c[1964]
300 _a128 p.
_c17cm.
999 _c47999
_d47999